000
00531nam a2200169Ia 4500
008
090123s9999 xx 000 0 und d
082
_b
16677
100
_a
इचनुर शांता
245
_a
हिगोम्मे नेडदित्त
250
_a
0
300
_a
155
600
_a
इचनुर शांता
630
_a
हिगोम्मे नेडदित्त
700
_a
इचनुर शांता
730
_a
हिगोम्मे नेडदित्त
942
_c
BOOK
999
_c
54741
_d
54741